00537nam a2200193 a 4500001001300000003000900013005001700022008004100039020001000080082001700090100002300107245003000130260005900160300000900219500003500228505003300263650002400296700002300320nice12345678IN_TiNIC20260116011315.0050524s1967 bana grp 000 0 eng  ac10000a291.172bSIN aSingh Jai, Herbert aInter Religious Dialogue. aBangalorebChristian Instt.For Study of Religionc1967 a237p aincludes index and biblioraphy2 aSocial Concerns Series No.11 aInterfaith Dialogue1 aSingh Jai, Herbert